Language Quiz

Random Language or Letter Quiz
Score 0/15 Timer 02:00
4 Plays Today
% Correct
jeep
72.6%
jill
67.8%
jell
66.8%
jeer
65.9%
jazz
65.8%
jees
52.8%
jess
49.3%
jeed
43.1%
% Correct
jiff
41.9%
jeez
40.9%
jagg
40.3%
jinn
35.3%
joss
34.4%
jibb
32.5%
jook
21.9%
Remove Ads.
Support Sporcle.
Get the best of Sporcle when you Go Orange. This ad-free experience offers more features, more stats, and more fun while also helping to support Sporcle. Thank you for becoming a member.

You're not logged in!

Compare scores with friends on all Sporcle quizzes.
OR
Log In

Show Comments

Extras

Top Quizzes Today


Score Distribution

Your Account Isn't Verified!

In order to create a playlist on Sporcle, you need to verify the email address you used during registration. Go to your Sporcle Settings to finish the process.

Report this User

Report this user for behavior that violates our Community Guidelines.

Details: